Suomen väkiluvun mukaan pienimmät kunnat (äkkikuolema) - Statistics

Yleistilastot
  • Tätä visaa on pelattu 44 kertaa
  • Keskiarvotulos 17 / 51
Answers on the Grid
Answers color-coded by a green-red scale on the quiz's grid according to % correct below.
Reisjärvi
Vesanto
Sulkava
Kustavi
Finström
Sottunga
Rääkkylä
Kivijärvi
Konnevesi
Lappajärvi
Kyyjärvi
Simo
Isojoki
Tervo
Hailuoto
Kaavi
Korsnäs
Enonkoski
Pyhäjoki
Kökar
Keitele
Padasjoki
Lemland
Pyhäntä
Virolahti
Sauvo
Luhanka
Kaskinen
Lumijoki
Lemi
Kumlinge
Enontekiö
Sodankylä
Tervola
Juupajoki
Puumala
Geta
Taivassalo
Marttila
Miehikkälä
Karijoki
Vehmaa
Rautalampi
Karvia
Posio
Rautjärvi
Vaala
Vimpeli
Kihniö
Pukkila
Kannonkoski
Pelkosenniemi
Kuhmoinen
Utsjoki
Ypäjä
Lestijärvi
Alavieska
Punkalaidun
Brändö
Savitaipale
Vårdö
Hammarland
Halsua
Soini
Pyhäranta
Perho
Merijärvi
Ristijärvi
Paltamo
Hyrynsalmi
Utajärvi
Toholampi
Tuusniemi
Heinävesi
Savukoski
Hartola
Humppila
Kärsämäki
Eckerö
Puolanka
Saltvik
Veteli
Toivakka
Siikainen
Föglö
Oripää
Lumparland
Hirvensalmi
Multia
Kinnula
Rautavaara
Jämijärvi
Myrskylä
Pomarkku
Sund
Evijärvi
Lapinjärvi
Muonio
Koski Tl
Merikarvia
 
Vastaustilastot
Vastaus % Oikein
Föglö
72%
Saltvik
72%
Geta
68%
Eckerö
64%
Kökar
64%
Kumlinge
64%
Vårdö
64%
Brändö
60%
Hammarland
52%
Sottunga
52%
Sund
52%
Hailuoto
48%
Kivijärvi
48%
Lumparland
48%
Pelkosenniemi
48%
Kyyjärvi
40%
Lestijärvi
32%
Merijärvi
32%
Oripää
32%
Siikainen
32%
Taivassalo
32%
Utsjoki
32%
Enonkoski
28%
Halsua
28%
Kannonkoski
28%
Kaskinen
28%
Luhanka
28%
Multia
28%
Rautavaara
28%
Ristijärvi
28%
Kustavi
24%
Savukoski
24%
Soini
24%
Vesanto
24%
Enontekiö
20%
Jämijärvi
20%
Kihniö
20%
Kinnula
20%
Pyhäranta
20%
Juupajoki
16%
Karijoki
16%
Miehikkälä
16%
Myrskylä
16%
Pukkila
16%
Pyhäntä
16%
Tervo
16%
Isojoki
12%
Marttila
12%
Rääkkylä
8%
Keitele
4%
Pomarkku
4%
Ehtoja vastaavia visoja ei löytynyt
Tulosjakauma
Jokaisen tuloksen saaneiden osuus
Persentiili vastausten määrän mukaan
Tuloshistoriasi
Et ole pelannut tätä visaa